000 00377nam a2200181Ia 4500
008 240510s9999 xx 000 0 und d
020 _a9780141197838
041 _aEng
082 _a823
082 _bC54
100 _aCOLLINS ,W.
245 4 _aThe Moonstone
260 _bLondon:Penguin Books
260 _c1994
300 _a464 p.
942 _2ddc
942 _cLBK
999 _c28782
_d28782
945 _a1
_bMadushi Gamage
_c1
_dMadushi Gamage